| 000 | 01359cam a2200385I 4500 | ||
|---|---|---|---|
| 001 | 100174 | ||
| 005 | 20230411085639.0 | ||
| 008 | 760616s1969 fr b 000 0 fre | ||
| 010 | _a 77443993 | ||
| 035 | _a(OCoLC)ocm02231342 | ||
| 040 |
_aDLC _cFWA _dOCL _dOCLCQ _dZWZ _dLXL |
||
| 029 | 1 |
_aAU@ _b000027022863 |
|
| 029 | 1 |
_aZWZ _b045401179 |
|
| 035 | _a(OCoLC)2231342 | ||
| 043 | _ae-fr--- | ||
| 050 | 1 | 4 |
_aZ 7161 _bL788 1969 |
| 082 | 0 | 0 | _a016.3 |
| 049 | _aGRAL | ||
| 245 | 0 | 0 | _aLivres francais de droit, sciences politiques, économiques, et sociales, 1966-1969. |
| 260 |
_aParis : _bS.P.E.L.D., _c[1969] |
||
| 300 |
_a374 p. ; _c21 cm. |
||
| 500 | _a1963 and 1967 editions published under title: Livres français de droit, sciences politiques, économiques, sociales et humaines. | ||
| 650 | 0 |
_aSocial sciences _vBibliography. |
|
| 650 | 0 |
_aPolitical science _vBibliography. |
|
| 650 | 0 |
_aEconomics _vBibliography. |
|
| 650 | 0 |
_aLaw _zFrance _vBibliography. |
|
| 651 | 0 |
_aFrance _xBibliography. |
|
| 650 | 4 |
_aCiencias sociales _vBibliografías. |
|
| 651 | 4 |
_aFrancia _vBibliografías. |
|
| 650 | 4 | _a20150700 | |
| 776 | 0 | 8 |
_iOnline version: _tLivres français de droit, sciences politiques, économiques, et sociales, 1966-1969. _dParis, S.P.E.L.D. [1969] _w(OCoLC)610416385 |
| 942 |
_2lcc _cbk |
||
| 994 |
_aC0 _bDRFGD |
||
| 946 | _aNBM | ||
| 999 |
_c105280 _d105280 |
||